A Polgári Jogi Határozatok Tára egységes szerkezetben. Irták dr. Bernhard Miksa és dr. Vekerdy Géza

Elmentve itt :
Bibliográfiai részletek
Dokumentumtípus: Cikk
Megjelent: 1934
Sorozat:Polgári jog : a hazai és külföldi magánjog és hiteljog szemléje 10
Kulcsszavak:Polgári jog magyar könyvismertetés
Online Access:http://misc.bibl.u-szeged.hu/5855
LEADER 00649nab a2200157 i 4500
001 misc5855
005 20191106142302.0
008 170607s1934 hu o 0|| hun d
040 |a SZTE Miscellanea Repozitórium  |b hun 
041 |a hun 
245 0 2 |a A Polgári Jogi Határozatok Tára egységes szerkezetben. Irták  |h [elektronikus dokumentum] :  |b dr. Bernhard Miksa és dr. Vekerdy Géza 
260 |c 1934 
300 |a 375-376a 
490 0 |a Polgári jog : a hazai és külföldi magánjog és hiteljog szemléje  |v 10 
695 |a Polgári jog magyar könyvismertetés 
856 4 0 |u http://misc.bibl.u-szeged.hu/5855/1/polgari_jog_1934_375-376a.pdf  |z Dokumentum-elérés